000
00276nam a2200109 4500
008
160624b xxu||||| |||| 00| 0 eng d
100
_9
927
_a
Clarke, A.C
245
_a
2010: Odyssey Two
260
_a
N.Y
_b
Ballantine Books
_c
1968
300
_a
2010: Odyssey Two
942
_2
ddc
_c
BK
999
_c
735
_d
735